| 000 | 01275nam0a2200337 i 4500 | ||
|---|---|---|---|
| 001 | RU\NLR\bibl\1907874 | ||
| 005 | 20241105171854.0 | ||
| 010 |
_a9785473006919 _9500 |
||
| 021 |
_aRU _b2012-32991 _92451 |
||
| 035 | _a(nilc)RSL-KNO-005436289 | ||
| 035 | _a(NLR Aleph) 001897434 | ||
| 090 |
_a3002481 _c3002481 |
||
| 100 | _a20120516d2011 u y0rusy50 ca | ||
| 101 | 0 | _arus | |
| 102 | _aRU | ||
| 105 | _aa ||||||||| | ||
| 200 | 1 |
_aУправленческий _eочерки по истории поселка Управленческий _fС. А. Ильинский |
|
| 210 |
_aСамара _cОфорт _d2011 |
||
| 215 |
_a222 с. _cил., цв. ил., портр., факс. _d25 |
||
| 320 | _aБиблиогр.: с. 219-220 | ||
| 607 |
_aУправленческий, поселок (Самарская область) _xИстория _92132101 _3RU\NLR\auth\661590256 |
||
| 686 |
_aТ3(2Р-4Сам-2С1Красноглинский район)0,02 _2rubbk |
||
| 686 |
_aО551.41д(2)Кузнецов С.А.-2я9 _2rubbk |
||
| 686 | _aТ3(2Р-4С)0,02 | ||
| 700 | 1 |
_aИльинский _bС. А. _4070 |
|
| 801 | 0 |
_aRU _bRuMoRKP _c20120516 _grcr |
|
| 801 | 1 |
_aRU _bРГБ _c20120516 |
|
| 801 | 2 |
_aRU _bNLR _c20120530 _grcr |
|
| 942 | _cBOOK | ||
| 980 | _aNBR | ||